| 000 | 00000nam##2200000za#4500 |
| 001 | 9.607707 |
| 003 | CaOODSP |
| 005 | 20210624213247 |
| 007 | cr ||||||||||| |
| 008 | 150406|1999||||xxc|||||o f|0| 0 fre|d |
| 040 | |aCaOODSP|bfre |
| 043 | |an-cn--- |
| 086 | 1 |aNH18-22/99-115F-PDF |
| 110 | 2 |aSociété canadienne d'hypothèques et de logement. |
| 245 | 10|aLigne directrice sur la qualité de l'eau et outils de contrôle de l'eau pour les systèmes résidentiels de réutilisation de l'eau / |h[ressource électronique] |
| 260 | |aOttawa - Ontario : |bSociété canadienne d'hypothèques et de logement |c[1999]. |
| 300 | |a4p.|bfigure, tableaux |
| 490 | 1 |aLe point en recherche et développement; série technique|v99-115 |
| 500 | |aFichier reproduit à partir de l'original imprimé. |
| 590 | |a14-16-Supp|b2014-09-25 |
| 775 | 08|tWater quality guideline and water monitoring tools for residential water reuse systems |w(CaOODSP)9.580764 |
| 776 | 0#|tLigne directrice sur la qualité de l'eau et outils de contrôle de l'eau pour les systèmes résidentiels de réutilisation de l'eau |w(CaOODSP)9.625612 |
| 830 | #0|aLe point en recherche et développement; série technique ;|v99-115|w(CaOODSP)9.500900 |
| 856 | 40|ahttp://publications.gc.ca|qPDF|s222 Ko|uhttps://publications.gc.ca/collections/collection_2014/schl-cmhc/NH18-22-99-115-fra.pdf|y99-115 |